00581 2200169 4500245003100000020002200031250001100053100001400064650001600078005001900094260004200113041001400155084000800169300002300177500020200200336000900402 aStarlightcDya RagilhText a978-602-03-2753-2 aCet. 1 aDya Ragil aNovel Fiksi a20231004130617 aJakartabGramedia Pustaka Utamac2016 aIndonesia a813 a264 hlm. :c20 cm. aditengah persiapan olimpiade ,wulan harus m,enghadapi sang ayah yang selalu meragukan dirinya, mantan pacar yang kerap menindas sodaranya , juga mantan gebetan yang terus mengganggu konsentrasinya. atext